| 000 | 01420cam a2200289 a 4500 | ||
|---|---|---|---|
| 001 | 000013006 | ||
| 005 | 20200929163124.0 | ||
| 008 | 770128s1968 ve b 000 0 spa | ||
| 040 |
_aDO-SdBNP _bspa _cBNPHU |
||
| 082 |
_annn _bT775 |
||
| 110 | 2 |
_aUniversidad Central de Venezuela. _bInstituto de Ciencias Penales y Criminológicas. _929986 |
|
| 245 | 1 | 0 |
_aTrastornos de la conducta juvenil : _btrabajo de investigación realizado en el Instituto de Ciencias Penales y Criminológicas / _cbajo la dirección del doctor Tulio Chiossone, director del Instituto, y la colaboración de Ximena Rodríguez de Canestri, Omar Arenas Candelo y Nilda Hernández ; traductores Luz de Njai, Mati Raitán. |
| 260 |
_aCaracas : _bImprenta Universitaria, _c1968. |
||
| 300 |
_a337 p. ; _c24 cm. |
||
| 490 | 1 |
_aPublicaciones de la Facultad de Derecho _v39 |
|
| 500 | _a"Proyecto de legislación: Ley de justicia y protección de menores": p. [285]-332. | ||
| 504 | _aIncluye bibliografía (p. [333]-337). | ||
| 650 | 0 |
_aJuvenile delinquency _zVenezuela. _929987 |
|
| 650 | 0 |
_aChild welfare _zVenezuela. _929988 |
|
| 700 | 1 |
_aChiossone, Tulio _929989 |
|
| 700 | 1 |
_aRodríguez de Canetri, Ximena _929990 |
|
| 700 | 1 |
_aArenas Candello, Omar _929991 |
|
| 700 | 1 |
_aHernández, Nilda _929992 |
|
| 700 | 1 |
_aNjai, Luz de _etr. _929993 |
|
| 700 | 1 |
_aRaitán, Mati _etr. _929994 |
|
| 830 | 0 |
_aPublicaciones de la Facultad de Derecho ; _v39 _929653 |
|
| 999 |
_c12653 _d12653 |
||